Catálogo
 En Linea

Tartarin de tarascon. (Registro nro. 43174)

Detalles MARC
000 -CABECERA
campo de control de longitud fija 00288nam a2200109 a 4500
005 - FECHA Y HORA DE LA ÚLTIMA TRANSACCIÓN
campo de control 20201002044922.0
008 - DATOS DE LONGITUD FIJA--INFORMACIÓN GENERAL
campo de control de longitud fija 140403s1971 000 spa d
040 ## - FUENTE DE LA CATALOGACIÓN
Centro catalogador/agencia de origen DO-SdBNP
100 ## - ENTRADA PRINCIPAL--NOMBRE DE PERSONA
Nombre de persona Daudet, Alfonso
9 (RLIN) 71508
245 #0 - MENCIÓN DE TÍTULO
Título Tartarin de tarascon.
260 ## - PUBLICACIÓN, DISTRIBUCIÓN, ETC.
Lugar de publicación, distribución, etc. Madrid -- Libra,
Fecha de publicación, distribución, etc. 1971 -- 191 p.

No hay ítems disponibles.

Con tecnología Koha